<?xml version="1.0" encoding="UTF-8"?>
<record
    xmlns:xsi="http://www.w3.org/2001/XMLSchema-instance"
    xsi:schemaLocation="http://www.loc.gov/MARC21/slim http://www.loc.gov/standards/marcxml/schema/MARC21slim.xsd"
    xmlns="http://www.loc.gov/MARC21/slim">

  <leader>00149nas a22000617a 4500</leader>
  <controlfield tag="008">180507s9999    xx            000 0 und d</controlfield>
  <datafield tag="245" ind1=" " ind2=" ">
    <subfield code="a">Problems of Communism </subfield>
  </datafield>
  <datafield tag="999" ind1=" " ind2=" ">
    <subfield code="c">117524</subfield>
    <subfield code="d">117524</subfield>
  </datafield>
  <datafield tag="952" ind1=" " ind2=" ">
    <subfield code="0">0</subfield>
    <subfield code="1">0</subfield>
    <subfield code="4">0</subfield>
    <subfield code="7">0</subfield>
    <subfield code="a">IIPA</subfield>
    <subfield code="b">IIPA</subfield>
    <subfield code="d">2018-05-07</subfield>
    <subfield code="h">7-8; 1958-1959</subfield>
    <subfield code="p">P1753</subfield>
    <subfield code="r">2018-05-07</subfield>
    <subfield code="w">2018-05-07</subfield>
    <subfield code="y">BV</subfield>
  </datafield>
  <datafield tag="952" ind1=" " ind2=" ">
    <subfield code="0">0</subfield>
    <subfield code="1">0</subfield>
    <subfield code="4">0</subfield>
    <subfield code="7">0</subfield>
    <subfield code="a">IIPA</subfield>
    <subfield code="b">IIPA</subfield>
    <subfield code="d">2018-05-07</subfield>
    <subfield code="h">9; 1960</subfield>
    <subfield code="p">P1754</subfield>
    <subfield code="r">2018-05-07</subfield>
    <subfield code="w">2018-05-07</subfield>
    <subfield code="y">BV</subfield>
  </datafield>
  <datafield tag="952" ind1=" " ind2=" ">
    <subfield code="0">0</subfield>
    <subfield code="1">0</subfield>
    <subfield code="4">0</subfield>
    <subfield code="7">0</subfield>
    <subfield code="a">IIPA</subfield>
    <subfield code="b">IIPA</subfield>
    <subfield code="d">2018-05-07</subfield>
    <subfield code="h">10; 1961</subfield>
    <subfield code="p">P3470</subfield>
    <subfield code="r">2018-05-07</subfield>
    <subfield code="w">2018-05-07</subfield>
    <subfield code="y">BV</subfield>
  </datafield>
  <datafield tag="952" ind1=" " ind2=" ">
    <subfield code="0">0</subfield>
    <subfield code="1">0</subfield>
    <subfield code="4">0</subfield>
    <subfield code="7">0</subfield>
    <subfield code="a">IIPA</subfield>
    <subfield code="b">IIPA</subfield>
    <subfield code="d">2018-05-07</subfield>
    <subfield code="h">11; 1962</subfield>
    <subfield code="p">P4254</subfield>
    <subfield code="r">2018-05-07</subfield>
    <subfield code="w">2018-05-07</subfield>
    <subfield code="y">BV</subfield>
  </datafield>
  <datafield tag="952" ind1=" " ind2=" ">
    <subfield code="0">0</subfield>
    <subfield code="1">0</subfield>
    <subfield code="4">0</subfield>
    <subfield code="7">0</subfield>
    <subfield code="a">IIPA</subfield>
    <subfield code="b">IIPA</subfield>
    <subfield code="d">2018-05-07</subfield>
    <subfield code="h">12; 1963</subfield>
    <subfield code="p">P4977</subfield>
    <subfield code="r">2018-05-07</subfield>
    <subfield code="w">2018-05-07</subfield>
    <subfield code="y">BV</subfield>
  </datafield>
  <datafield tag="952" ind1=" " ind2=" ">
    <subfield code="0">0</subfield>
    <subfield code="1">0</subfield>
    <subfield code="4">0</subfield>
    <subfield code="7">0</subfield>
    <subfield code="a">IIPA</subfield>
    <subfield code="b">IIPA</subfield>
    <subfield code="d">2018-05-07</subfield>
    <subfield code="h">13; 1964</subfield>
    <subfield code="p">P5689</subfield>
    <subfield code="r">2018-05-07</subfield>
    <subfield code="w">2018-05-07</subfield>
    <subfield code="y">BV</subfield>
  </datafield>
  <datafield tag="952" ind1=" " ind2=" ">
    <subfield code="0">0</subfield>
    <subfield code="1">0</subfield>
    <subfield code="4">0</subfield>
    <subfield code="7">0</subfield>
    <subfield code="a">IIPA</subfield>
    <subfield code="b">IIPA</subfield>
    <subfield code="d">2018-05-07</subfield>
    <subfield code="h">15; 1966</subfield>
    <subfield code="p">P7139</subfield>
    <subfield code="r">2018-05-07</subfield>
    <subfield code="w">2018-05-07</subfield>
    <subfield code="y">BV</subfield>
  </datafield>
  <datafield tag="952" ind1=" " ind2=" ">
    <subfield code="0">0</subfield>
    <subfield code="1">0</subfield>
    <subfield code="4">0</subfield>
    <subfield code="7">0</subfield>
    <subfield code="a">IIPA</subfield>
    <subfield code="b">IIPA</subfield>
    <subfield code="d">2018-05-07</subfield>
    <subfield code="h">16; 1967</subfield>
    <subfield code="p">P7908</subfield>
    <subfield code="r">2018-05-07</subfield>
    <subfield code="w">2018-05-07</subfield>
    <subfield code="y">BV</subfield>
  </datafield>
  <datafield tag="952" ind1=" " ind2=" ">
    <subfield code="0">0</subfield>
    <subfield code="1">0</subfield>
    <subfield code="4">0</subfield>
    <subfield code="7">0</subfield>
    <subfield code="a">IIPA</subfield>
    <subfield code="b">IIPA</subfield>
    <subfield code="d">2018-05-07</subfield>
    <subfield code="h">17; 1968</subfield>
    <subfield code="p">P8816</subfield>
    <subfield code="r">2018-05-07</subfield>
    <subfield code="w">2018-05-07</subfield>
    <subfield code="y">BV</subfield>
  </datafield>
  <datafield tag="952" ind1=" " ind2=" ">
    <subfield code="0">0</subfield>
    <subfield code="1">0</subfield>
    <subfield code="4">0</subfield>
    <subfield code="7">0</subfield>
    <subfield code="a">IIPA</subfield>
    <subfield code="b">IIPA</subfield>
    <subfield code="d">2018-05-07</subfield>
    <subfield code="h">43; 1969</subfield>
    <subfield code="p">P9417</subfield>
    <subfield code="r">2018-05-07</subfield>
    <subfield code="w">2018-05-07</subfield>
    <subfield code="y">BV</subfield>
  </datafield>
  <datafield tag="952" ind1=" " ind2=" ">
    <subfield code="0">0</subfield>
    <subfield code="1">0</subfield>
    <subfield code="4">0</subfield>
    <subfield code="7">0</subfield>
    <subfield code="a">IIPA</subfield>
    <subfield code="b">IIPA</subfield>
    <subfield code="d">2018-05-07</subfield>
    <subfield code="h">19; 1970</subfield>
    <subfield code="p">P9847</subfield>
    <subfield code="r">2018-05-07</subfield>
    <subfield code="w">2018-05-07</subfield>
    <subfield code="y">BV</subfield>
  </datafield>
  <datafield tag="952" ind1=" " ind2=" ">
    <subfield code="0">0</subfield>
    <subfield code="1">0</subfield>
    <subfield code="4">0</subfield>
    <subfield code="7">0</subfield>
    <subfield code="a">IIPA</subfield>
    <subfield code="b">IIPA</subfield>
    <subfield code="d">2018-05-07</subfield>
    <subfield code="h">21; 1972</subfield>
    <subfield code="p">P11066</subfield>
    <subfield code="r">2018-05-07</subfield>
    <subfield code="w">2018-05-07</subfield>
    <subfield code="y">BV</subfield>
  </datafield>
  <datafield tag="952" ind1=" " ind2=" ">
    <subfield code="0">0</subfield>
    <subfield code="1">0</subfield>
    <subfield code="4">0</subfield>
    <subfield code="7">0</subfield>
    <subfield code="a">IIPA</subfield>
    <subfield code="b">IIPA</subfield>
    <subfield code="d">2018-05-07</subfield>
    <subfield code="h">22; 1973</subfield>
    <subfield code="p">P11155</subfield>
    <subfield code="r">2018-05-07</subfield>
    <subfield code="w">2018-05-07</subfield>
    <subfield code="y">BV</subfield>
  </datafield>
  <datafield tag="952" ind1=" " ind2=" ">
    <subfield code="0">0</subfield>
    <subfield code="1">0</subfield>
    <subfield code="4">0</subfield>
    <subfield code="7">0</subfield>
    <subfield code="a">IIPA</subfield>
    <subfield code="b">IIPA</subfield>
    <subfield code="d">2018-05-07</subfield>
    <subfield code="h">23; 1974</subfield>
    <subfield code="p">P11972</subfield>
    <subfield code="r">2018-05-07</subfield>
    <subfield code="w">2018-05-07</subfield>
    <subfield code="y">BV</subfield>
  </datafield>
  <datafield tag="952" ind1=" " ind2=" ">
    <subfield code="0">0</subfield>
    <subfield code="1">0</subfield>
    <subfield code="4">0</subfield>
    <subfield code="7">0</subfield>
    <subfield code="a">IIPA</subfield>
    <subfield code="b">IIPA</subfield>
    <subfield code="d">2018-05-07</subfield>
    <subfield code="h">24; 1975</subfield>
    <subfield code="p">P12349</subfield>
    <subfield code="r">2018-05-07</subfield>
    <subfield code="w">2018-05-07</subfield>
    <subfield code="y">BV</subfield>
  </datafield>
  <datafield tag="952" ind1=" " ind2=" ">
    <subfield code="0">0</subfield>
    <subfield code="1">0</subfield>
    <subfield code="4">0</subfield>
    <subfield code="7">0</subfield>
    <subfield code="a">IIPA</subfield>
    <subfield code="b">IIPA</subfield>
    <subfield code="d">2018-05-07</subfield>
    <subfield code="h">20; 1971</subfield>
    <subfield code="p">P12541</subfield>
    <subfield code="r">2018-05-07</subfield>
    <subfield code="w">2018-05-07</subfield>
    <subfield code="y">BV</subfield>
  </datafield>
  <datafield tag="952" ind1=" " ind2=" ">
    <subfield code="0">0</subfield>
    <subfield code="1">0</subfield>
    <subfield code="4">0</subfield>
    <subfield code="7">0</subfield>
    <subfield code="a">IIPA</subfield>
    <subfield code="b">IIPA</subfield>
    <subfield code="d">2018-05-07</subfield>
    <subfield code="h">25; 1976</subfield>
    <subfield code="p">P13126</subfield>
    <subfield code="r">2018-05-07</subfield>
    <subfield code="w">2018-05-07</subfield>
    <subfield code="y">BV</subfield>
  </datafield>
  <datafield tag="952" ind1=" " ind2=" ">
    <subfield code="0">0</subfield>
    <subfield code="1">0</subfield>
    <subfield code="4">0</subfield>
    <subfield code="7">0</subfield>
    <subfield code="a">IIPA</subfield>
    <subfield code="b">IIPA</subfield>
    <subfield code="d">2018-05-07</subfield>
    <subfield code="h">26; 1977</subfield>
    <subfield code="p">P14618</subfield>
    <subfield code="r">2018-05-07</subfield>
    <subfield code="w">2018-05-07</subfield>
    <subfield code="y">BV</subfield>
  </datafield>
  <datafield tag="952" ind1=" " ind2=" ">
    <subfield code="0">0</subfield>
    <subfield code="1">0</subfield>
    <subfield code="4">0</subfield>
    <subfield code="7">0</subfield>
    <subfield code="a">IIPA</subfield>
    <subfield code="b">IIPA</subfield>
    <subfield code="d">2018-05-07</subfield>
    <subfield code="h">27; 1978</subfield>
    <subfield code="p">P14619</subfield>
    <subfield code="r">2018-05-07</subfield>
    <subfield code="w">2018-05-07</subfield>
    <subfield code="y">BV</subfield>
  </datafield>
  <datafield tag="952" ind1=" " ind2=" ">
    <subfield code="0">0</subfield>
    <subfield code="1">0</subfield>
    <subfield code="4">0</subfield>
    <subfield code="7">0</subfield>
    <subfield code="a">IIPA</subfield>
    <subfield code="b">IIPA</subfield>
    <subfield code="d">2018-05-07</subfield>
    <subfield code="h">28; 1979</subfield>
    <subfield code="p">P14734</subfield>
    <subfield code="r">2018-05-07</subfield>
    <subfield code="w">2018-05-07</subfield>
    <subfield code="y">BV</subfield>
  </datafield>
  <datafield tag="952" ind1=" " ind2=" ">
    <subfield code="0">0</subfield>
    <subfield code="1">0</subfield>
    <subfield code="4">0</subfield>
    <subfield code="7">0</subfield>
    <subfield code="a">IIPA</subfield>
    <subfield code="b">IIPA</subfield>
    <subfield code="d">2018-05-07</subfield>
    <subfield code="h">29; 1980</subfield>
    <subfield code="p">P15108</subfield>
    <subfield code="r">2018-05-07</subfield>
    <subfield code="w">2018-05-07</subfield>
    <subfield code="y">BV</subfield>
  </datafield>
  <datafield tag="952" ind1=" " ind2=" ">
    <subfield code="0">0</subfield>
    <subfield code="1">0</subfield>
    <subfield code="4">0</subfield>
    <subfield code="7">0</subfield>
    <subfield code="a">IIPA</subfield>
    <subfield code="b">IIPA</subfield>
    <subfield code="d">2018-05-07</subfield>
    <subfield code="h">31; 1982</subfield>
    <subfield code="p">P16367</subfield>
    <subfield code="r">2018-05-07</subfield>
    <subfield code="w">2018-05-07</subfield>
    <subfield code="y">BV</subfield>
  </datafield>
  <datafield tag="952" ind1=" " ind2=" ">
    <subfield code="0">0</subfield>
    <subfield code="1">0</subfield>
    <subfield code="4">0</subfield>
    <subfield code="7">0</subfield>
    <subfield code="a">IIPA</subfield>
    <subfield code="b">IIPA</subfield>
    <subfield code="d">2018-05-07</subfield>
    <subfield code="h">30; 1981</subfield>
    <subfield code="p">P16368</subfield>
    <subfield code="r">2018-05-07</subfield>
    <subfield code="w">2018-05-07</subfield>
    <subfield code="y">BV</subfield>
  </datafield>
  <datafield tag="952" ind1=" " ind2=" ">
    <subfield code="0">0</subfield>
    <subfield code="1">0</subfield>
    <subfield code="4">0</subfield>
    <subfield code="7">0</subfield>
    <subfield code="a">IIPA</subfield>
    <subfield code="b">IIPA</subfield>
    <subfield code="d">2018-05-07</subfield>
    <subfield code="h">32; 1983</subfield>
    <subfield code="p">P16369</subfield>
    <subfield code="r">2018-05-07</subfield>
    <subfield code="w">2018-05-07</subfield>
    <subfield code="y">BV</subfield>
  </datafield>
</record>
